Sports Quiz

Random Sports or Soccer Quiz
Score 0/23 Timer 03:00
0 Plays Today
Posição Nome % Correct
Guarda-redesIker Casillas
98.6%
Defesa CentralSergio Ramos
98.6%
Médio CentroXavi Hernández
97.9%
Defesa CentralGerard Piqué
97.2%
Médio CentroAndrés Iniesta
97.2%
AvançadoFernando Torres
95.1%
Médio DefensivoSergio Busquets
93.8%
Guarda-redesVíctor Valdés
93.1%
AvançadoDavid Villa
93.1%
Defesa CentralCarles Puyol
91%
Guarda-redesPepe Reina
88.9%
Médio DefensivoXabi Alonso
84.7%
Posição Nome % Correct
ExtremoPedro Rodríguez
84.7%
Médio OfensivoDavid Silva
80.6%
Médio CentroCesc Fàbregas
70.1%
Defesa DireitoÁlvaro Arbeloa
68.1%
ExtremoJesús Navas
59.7%
Defesa CentralRaúl Albiol
59%
AvançadoFernando Llorente
55.6%
Defesa EsquerdoJoan Capdevila
53.5%
Médio OfensivoJuan Mata
45.8%
Defesa CentralCarlos Marchena
23.6%
Médio DefensivoJavi Martínez
19.4%
Remove Ads.
Support Sporcle.
Get the best of Sporcle when you Go Orange. This ad-free experience offers more features, more stats, and more fun while also helping to support Sporcle. Thank you for becoming a member.

You're not logged in!

Compare scores with friends on all Sporcle quizzes.
OR
Log In

Sporcle TV

Today on Sporcle TV


Watch our educational content, quiz creation guides, and fun videos on Sporcle TV.

Show Comments

Extras

Top Quizzes Today


Score Distribution

Paid Content

Your Account Isn't Verified!

In order to create a playlist on Sporcle, you need to verify the email address you used during registration. Go to your Sporcle Settings to finish the process.

Report this User

Report this user for behavior that violates our Community Guidelines.

Details: